Statistics for Lego Masters Australia Season 2

Click here to take the quiz!

General Stats

  • This quiz has been taken 16 times
    (12 since last reset)
  • The average score is 15 of 18

Answer Stats

DescriptionAnswer% Correct
The team that came secondAndrew
100%
The hostHamish Blake
100%
The judgeRyan 'Brickman' McNaught
100%
The winnersAlex
89%
The team that came secondDamian
89%
The winnersJackson
89%
The team that came sixth and was eliminated in the Retro Replica challenge and the 3-D Art challengeJay
89%
The team that came thirdJosh
89%
The team that came sixth and was eliminated in the Retro Replica challenge and the 3-D Art challengeStani
89%
The team that came thirdTrent
89%
The team that came fifth and was eliminated in the Underwater challenge and the Above & Below challengeJen
78%
The team that came fifth and was eliminated in the Underwater challenge and the Above & Below challengeJody
78%
The team that came seventh and was eliminated in the Hanging by a Thread challengeSummer
78%
The team that came eighth and was eliminated in the Tale of Fairy challengeAnnie
67%
The team that came fourth and was eliminated in the Night & Day challengeDannii
67%
The team that came seventh and was eliminated in the Hanging by a Thread challengeIona
67%
The team that came fourth and was eliminated in the Night & Day challengeTim
67%
The team that came eighth and was eliminated in the Tale of Fairy challengeRuna
56%

Score Distribution

Percentile by Number Answered

Percent of People with Each Score

Your Score History

You have not taken this quiz since the last reset